|
|
|
|
| LEADER |
00000cam a2200000 i 4500 |
| 001 |
1/90070 |
| 008 |
930924s1989 gr | ||| |||| ||gre|| |
| 020 |
|
|
|a 9602933690
|
| 035 |
|
|
|a 1989
|b 2
|c Δωρεά
|l 10035902
|
| 040 |
|
|
|a GR-MY-UA
|b gre
|e aacr
|
| 041 |
1 |
|
|a gre
|h ger
|
| 082 |
7 |
|
|a 808.0683
|2 (22)
|
| 100 |
1 |
|
|a Inkiow, Dimiter.
|
| 245 |
1 |
2 |
|a Η αδερφή μου η Κλάρα και ο καρχαρίας /
|c Ντιμίτερ Ινκιόφ ; μετάφραση: Ρένα Καρθαίου ; εικονογράφηση: Fritz Goller.
|
| 260 |
|
|
|a Αθήνα :
|b Πατάκης,
|c 1989.
|
| 300 |
|
|
|a 89 σ. ;
|c 21 εκ.
|
| 500 |
|
|
|a Μετάφραση του: Meine Schwester Klara und der Haifisch.
|
| 650 |
0 |
0 |
|a Children's stories, Bulgarian
|z Greece.
|
| 650 |
0 |
0 |
|a Children's literature, Bulgarian
|z Greece.
|
| 655 |
|
7 |
|a Fairy tales
|2 lcgft
|
| 852 |
|
|
|a INST
|b RHODES
|e 19930924
|h 808.0683 INK
|p 005400003196
|q 005400003196
|t BK
|y 0
|
| 909 |
|
|
|a Ρ
|b 014845
|
| 970 |
|
|
|z 24/09/1993
|